Poland's cities with 200.000 inhabitants or more - Statistics

General Stats
  • This quiz has been taken 29 times
  • The average score is 8 of 14
Answer Stats
Answer % Correct
Warsaw
95%
Gdansk
91%
Krakow
91%
Lodz
77%
Poznan
64%
Katowice
55%
Bydgoszcz
50%
Bialystok
45%
Szczecin
45%
Czestochowa
41%
Gdynia
41%
Lublin
41%
Radom
27%
Wroclow
5%
No matching quizzes found
Score Distribution
Percent of People with Each Score
Percentile by Number Answered
Your Score History
You have not taken this quiz